01684nam a2200385 i 4500003001000000005001700010007000300027008004100030020001500071040003500086041000800121084001100129100004200140245008400182250001800266264005900284300006300343336002700406337003300433338002800466490004500494520020000539521006200739534001200801650006000813650005500873650003900928650004300967650005901010700003201069700003501101942001501136999001701151952013001168CO-BoRNBP20240517205847.0ta121119s1993 mx a gr 000 j spa d a9681642708 aCO-BoRNBPbspacCO-BoRNBPerda0 aspa aA BRO11 aBrowne, Anthony,d1946-eautor94150310aCambioscAnthony, Browne ; traducción de Carmen Esteva ; editor Daniel Goldin a1a. edición 1aMéxicoaBogotábFondo de Cultura Económicac1993 a[30] páginas sin enumerar bilustraciones a colorc30 cm atextobtxt2rdacontent asin mediaciónbn2rdamedia avolumenbnc2rdacarrier0 aLos especiales de a la orilla del viento aUna mañana José Kaf comienza a descubrir cosas extrañas que pasan a su alrededor. Las imágenes de este libro revelan las posibilidades de descubrir nuevas formas en los objetos cotidianos aRecomendado para un público infantil mayor de 6 años. tChanges17ySiglo XX2ARMARCaÁlbumes infantiles ingleses 94150417aLiteratura infantil inglesaySiglo XX2ARMARC970117aFamiliavÁlbumes 2ARMARC941505142LEMBaImaginación vÁlbumes941506142LEMBaLibros ilustrados para niñosvÁlbumes9415071 aEsteva, Carmen,etraductora1 aGoldin, Daniel,eeditor941508 2loccBKLIT c38160d38160 00102ddc40708INFaMEDORADObMEDORADOcSInfd2024-05-17l0oA BRO1pDOR03167r2024-05-17 20:59:19tEj.1w2024-05-17yBKLIT